| 000 | 00435nam a22001577a 4500 | ||
|---|---|---|---|
| 003 | Macl | ||
| 005 | 20241018141647.0 | ||
| 008 | 241018b |||||||| |||| 00| 0 eng d | ||
| 040 | _cMacl | ||
| 082 | _a020 | ||
| 100 |
_aSharma Nandini _982509 |
||
| 245 | _aNTA UGC NET/JRF/SET PAPER-2 Library and Information Science | ||
| 260 |
_aNew Delhi _bArihant _c2024 |
||
| 650 |
_aLibrary and Information Science _917351 |
||
| 942 |
_2ddc _cC. BOOKS |
||
| 999 |
_c67037 _d67037 |
||